000 00432nam a22001697a 4500
005 20180205102738.0
008 160523b xxu||||| |||| 00| 0 eng d
020 _a81-7660-179-9
041 _aeng
082 _b4442
_a005.133
100 _aJani N. N. Dr & Others
_91086
245 _aC Programming Skills
260 _aNew Delhi
_bEverest publishing house
300 _a383
650 _aInformation Technology
_9137
942 _cBK
999 _c1477
_d1477